000 00404nam a2200157 i 4500
001 bg
100 1 _aNIENOF, Jean Charles
245 0 _aHolografia optyczna /
_cJean Charles Nienof, Paul Smigielski, Henri Royer.
260 _aWarszawa,
_c1975.
700 1 _aSMIGIELSKI, Paul
700 1 _aROYER, Henri
040 _cBPK
041 _apol
942 _cKS
008 s pl f |000 0 pol
999 _c16586
_d16586
856 _uhttp://koha.tu.koszalin.pl/cgi-bin/koha/opac-detail.pl?biblionumber=16586
_yKatalog online BPK